000 00325 a2200121 4500
000 nam a22 7a 4500
005 20260207154034.0
020 _a9789392989513
100 _aRatnakar Mishr
_91114384
245 _aSampurndevpujanpaddti arthat Archnrehesya
260 _bShrikashi Vishvnath Sansthan
_c2025
942 _cTEXL
999 _c1678928
_d1678928